[Event "FIDE World Rapid 2013"]
[Site "Khanty-Mansiysk RUS"]
[Date "2013.06.06"]
[Round "1.7"]
[White "Riazantsev,A"]
[Black "Mamedyarov,S"]
[Result "1/2-1/2"]
[WhiteElo "2708"]
[BlackElo "2753"]

1.d4 d5 2.c4 c5 3.Nf3 Nf6 4.dxc5 e6 5.e3 Bxc5 6.cxd5 exd5 7.Bb5+ Nc6 8.O-O O-O
9.a3 Bg4 10.b4 Bd6 11.Bb2 Ne4 12.Be2 Re8 13.Nbd2 Qe7 14.Nxe4 dxe4 15.Nd4 Qe5
16.g3 Bxe2 17.Qxe2 Nxd4 18.Bxd4 Qf5 19.Rac1 h5 20.Rfd1 Red8 21.h4 b6 22.Kg2 Rd7
23.Bb2 Rad8 24.Rd4 Be7 25.Rxd7 Rxd7 26.Bd4 Kh7 27.Rc6 Bd6 28.Rc1 Re7 29.Bb2 Re6
30.Rd1 Rg6 31.Bc3 Bc7 32.b5 Rg4 33.a4 g5 34.hxg5 Rxg5 35.Rh1 Kg6 36.Rh4 Qd5
37.Bd4 Qb3 38.Kh2 Qd3 39.Qxd3 exd3 40.Kg2 a6 41.f4 Rd5 42.Kf3 axb5 43.Ke4 d2
44.Rh1 Rf5 45.axb5 Bd6 46.Bc3 Rxb5 47.Rd1 Bb4 48.Bxd2 f5+ 49.Kd4 Bc5+ 50.Kc4 Rb2
51.Kc3 Ra2 52.Kb3 Ra3+ 53.Kc4 Bxe3 54.Bb4 Ra2 55.Rd6+ Kf7 56.Rd7+ Kf6 57.Rd6+ Kf7
58.Rd7+ Kf6 59.Rd6+  1/2-1/2

[Event "FIDE World Rapid 2013"]
[Site "Khanty-Mansiysk RUS"]
[Date "2013.06.06"]
[Round "2.12"]
[White "Mamedyarov,S"]
[Black "Nguyen Ngoc Truong Son"]
[Result "1-0"]
[WhiteElo "2753"]
[BlackElo "2625"]

1.d4 Nf6 2.c4 c5 3.d5 b5 4.Qc2 bxc4 5.e4 e6 6.Nc3 Be7 7.Bxc4 O-O 8.Nge2 exd5
9.exd5 d6 10.O-O Nbd7 11.Ng3 Nb6 12.b3 Re8 13.Re1 Bf8 14.Bf4 Rxe1+ 15.Rxe1 Rb8
16.h3 Nxc4 17.bxc4 Qd7 18.Nce4 Nxe4 19.Nxe4 Ba6 20.Nxc5 Qc8 21.Nxa6 Qxa6
22.c5 Qa5 23.Rd1 Qb4 24.Bg3 h5 25.c6 h4 26.Bh2 Re8 27.Kh1 Qa5 28.f3 Be7 29.Qe4 g6
30.Bf4 Rc8 31.Qxe7 Qa4 32.Rb1 Qxf4 33.Qd7 Rf8 34.c7  1-0

[Event "FIDE World Rapid 2013"]
[Site "Khanty-Mansiysk RUS"]
[Date "2013.06.06"]
[Round "3.7"]
[White "Khismatullin,D"]
[Black "Mamedyarov,S"]
[Result "0-1"]
[WhiteElo "2658"]
[BlackElo "2753"]

1.d4 Nf6 2.c4 g6 3.g3 Bg7 4.Bg2 O-O 5.Nc3 d6 6.Nf3 Nbd7 7.O-O e5 8.h3 Re8
9.e4 exd4 10.Nxd4 a6 11.Re1 Rb8 12.Nc2 Ne5 13.Ne3 b5 14.cxb5 axb5 15.a3 Nfd7
16.f4 Nc4 17.Qc2 Nc5 18.Rb1 Bb7 19.b4 Bxc3 20.Qxc3 Nxe4 21.Bxe4 Rxe4 22.Bb2 Nxb2
23.Ng4 Na4 24.Qa1 Kf8 25.Nf6 Re6 26.Rxe6 fxe6 27.Nd7+ Qxd7 28.Qh8+ Ke7 29.Qg7+ Kd8
30.Qf6+ Qe7  0-1

[Event "FIDE World Rapid 2013"]
[Site "Khanty-Mansiysk RUS"]
[Date "2013.06.06"]
[Round "5.3"]
[White "Le Quang Liem"]
[Black "Mamedyarov,S"]
[Result "0-1"]
[WhiteElo "2712"]
[BlackElo "2753"]

1.d4 d5 2.c4 c5 3.Nf3 Nf6 4.cxd5 cxd4 5.Nxd4 Qxd5 6.Nc3 Qa5 7.Nb3 Qc7 8.e4 Nc6
9.Be2 e6 10.O-O Bb4 11.Nb5 Qb8 12.a3 Be7 13.Nc3 O-O 14.Be3 Rd8 15.Qc2 e5
16.Rad1 Be6 17.Rxd8+ Qxd8 18.Rd1 Qe8 19.Nc5 Bxc5 20.Bxc5 Rc8 21.h3 Na5 22.Bb5 Bb3
23.Qc1 Nc6 24.Rd6 a6 25.Be2 Nd4 26.Bxd4 Nxe4 27.Rb6 exd4 28.Rxb3 Nxc3 29.bxc3 Qxe2
30.Rxb7 f6 31.Qb1 dxc3 32.Qb3+ Qc4 33.Qc2 Qd5 34.Rb1 Qd2 35.Rc1 Qd5 36.Rd1 Qe6
37.Rd3 h6 38.Re3 Qc4 39.Rg3 a5 40.Rg4 Qe6 41.Rg3 a4 42.Re3 Qb3 43.Qf5 Qc4
44.Qc2 Qb3 45.Qf5 Qd1+ 46.Kh2 Qd6+ 47.g3 Qc7 48.Re7 c2 49.Qd5+ Kh7 50.Qd3+ f5
51.Qxf5+ Kh8 52.Qg4 Qc3 53.Rxg7 c1=Q 54.Rf7 Qg5 55.Qe4 Qg8 56.Qf4 Qg6  0-1

[Event "FIDE World Rapid 2013"]
[Site "Khanty-Mansiysk RUS"]
[Date "2013.06.07"]
[Round "6.2"]
[White "Mamedyarov,S"]
[Black "Khairullin,I"]
[Result "1-0"]
[WhiteElo "2753"]
[BlackElo "2658"]

1.d4 Nf6 2.c4 e6 3.Nc3 d5 4.Bf4 dxc4 5.e3 Bd6 6.Bg5 h6 7.Bh4 c5 8.Nf3 cxd4
9.Nxd4 O-O 10.Bxc4 Be7 11.O-O Bd7 12.Qe2 Nc6 13.Rfd1 Ne5 14.Bb3 Ng6 15.Bg3 Qa5
16.Bc2 Qh5 17.Qxh5 Nxh5 18.Nf5 Bc6 19.Nxe7+ Nxe7 20.Bd6 Rfe8 21.e4 Nf6 22.f3 Nc8
23.Bf4 Nb6 24.a4 e5 25.Bc1 Rad8 26.Rxd8 Rxd8 27.Kf2 a6 28.Bb3 Na8 29.Be3 Nc7
30.Rc1 Ne6 31.Bxe6 fxe6 32.b3 Kf7 33.Na2 Rd3 34.Nb4 Rxb3 35.Nxc6 bxc6 36.Rxc6 Rb2+
37.Kf1 Rb1+ 38.Ke2 Rb2+ 39.Bd2 a5 40.Rc7+ Kg6 41.Ra7 Ra2 42.Rxa5 Nd7 43.Kd3 Rxa4
44.Rxa4 Nc5+ 45.Kc2 Nxa4 46.Be3  1-0

[Event "FIDE World Rapid 2013"]
[Site "Khanty-Mansiysk RUS"]
[Date "2013.06.07"]
[Round "7.1"]
[White "Nepomniachtchi,I"]
[Black "Mamedyarov,S"]
[Result "1-0"]
[WhiteElo "2717"]
[BlackElo "2753"]

1.e4 c6 2.Nf3 d5 3.Nc3 Bg4 4.h3 Bxf3 5.Qxf3 e6 6.d4 dxe4 7.Qxe4 Nf6 8.Qh4 Nbd7
9.Bd3 Nd5 10.Qxd8+ Rxd8 11.Nxd5 cxd5 12.a4 Bd6 13.a5 Nb8 14.c3 a6 15.b4 Rc8
16.Bd2 e5 17.dxe5 Bxe5 18.Rc1 O-O 19.O-O Bf6 20.Rfd1 Nc6 21.Be1 g6 22.Kf1 Rfd8
23.Be2 Bg5 24.Rb1 d4 25.b5 axb5 26.Rxb5 dxc3 27.Bxc3 Rxd1+ 28.Bxd1 Rd8 29.Rxg5 Rxd1+
30.Ke2 Rd7 31.Rc5 Rd6 32.g4 f6 33.Rb5 Nd8 34.Bb4 Rd7 35.Rb6 Kf7 36.Bc3 Re7+
37.Kd3 Re6 38.Rb5 Rd6+ 39.Kc4 Ke6 40.f4 Rc6+ 41.Kd3 Rd6+ 42.Ke4 Rc6 43.Bd4 Kd7
44.f5 g5 45.Bc5 Ke8 46.Kd5 Kd7 47.Rb3 Ra6 48.Rb5 Rc6 49.Ke4 Ke8 50.Kd4 Kd7
51.Kd5 Rc8 52.Bb6 Ke7 53.Bxd8+ Rxd8+ 54.Kc5 Rd7 55.Rb6 Rc7+ 56.Kb5 Kf7 57.Rd6 Ke7
58.Re6+ Kf7 59.Kb6 Rd7 60.Re3 h5 61.Rc3 hxg4 62.hxg4  1-0

[Event "FIDE World Rapid 2013"]
[Site "Khanty-Mansiysk RUS"]
[Date "2013.06.07"]
[Round "8.3"]
[White "Mamedyarov,S"]
[Black "Cheparinov,I"]
[Result "1/2-1/2"]
[WhiteElo "2753"]
[BlackElo "2678"]

1.d4 Nf6 2.c4 g6 3.Nc3 d5 4.cxd5 Nxd5 5.e4 Nxc3 6.bxc3 Bg7 7.Nf3 c5 8.Rb1 O-O
9.Be2 cxd4 10.cxd4 Qa5+ 11.Bd2 Qxa2 12.O-O Bg4 13.Rxb7 Bxf3 14.Bxf3 Bxd4
15.e5 Na6 16.Rxe7 Rad8 17.Qe2 Bc5 18.Bg5 Qxe2 19.Bxe2 Bxe7 20.Bxe7 Nb8 21.Bxd8 Rxd8
22.Ra1 Nc6 23.f4 Nd4 24.Bc4 Rd7 25.Kf2 Rc7 26.Ra4 Ne6 27.Ke3 h5 28.g3 Kf8
29.h3 Ke7 30.g4 hxg4 31.hxg4 Nc5 32.Ra3 Nd7 33.Kd4 g5 34.Rf3 Nb6 35.Bb3 gxf4
36.Rxf4 Ke8 37.g5 Re7 38.Rf5 a5 39.Kc5 a4 40.Ba2 Nd7+ 41.Kd6 Nf8 42.Rf4 Rd7+
43.Kc6 Ng6 44.Re4 Re7 45.e6 fxe6 46.Rxa4 Ne5+ 47.Kc5 Kf7 48.Kd6 Ng6 49.Ra5 Nf8
50.Rf5+ Kg7 51.Re5 Rd7+ 52.Kc6 Rd2 53.Ra5 Rf2 54.Bb1 Rf1 55.Be4 Rf4 56.Ra7+ Rf7
57.Ra3 Rf4 58.Ra7+ Rf7 59.Ra3 Rf4 60.Ra7+  1/2-1/2

[Event "FIDE World Rapid 2013"]
[Site "Khanty-Mansiysk RUS"]
[Date "2013.06.07"]
[Round "9.4"]
[White "Grischuk,A"]
[Black "Mamedyarov,S"]
[Result "1/2-1/2"]
[WhiteElo "2779"]
[BlackElo "2753"]

1.d4 Nf6 2.c4 e6 3.Nf3 d5 4.g3 dxc4 5.Bg2 Bb4+ 6.Bd2 a5 7.O-O O-O 8.Bg5 b5
9.a4 bxa4 10.Ne5 Ra7 11.Rxa4 Bb7 12.Bxb7 Rxb7 13.Nc3 h6 14.Bxf6 Qxf6 15.Nxc4 Rd8
16.Nxa5 Bxa5 17.Rxa5 Nc6 18.Rb5 Rxb5 19.Nxb5 Nxd4 20.Nxd4 Qxd4  1/2-1/2

[Event "FIDE World Rapid 2013"]
[Site "Khanty-Mansiysk RUS"]
[Date "2013.06.07"]
[Round "10.3"]
[White "Mamedyarov,S"]
[Black "Akopian,Vl"]
[Result "1/2-1/2"]
[WhiteElo "2753"]
[BlackElo "2691"]

1.d4 Nf6 2.c4 e6 3.Nc3 Bb4 4.f3 d5 5.a3 Bxc3+ 6.bxc3 c5 7.cxd5 Nxd5 8.dxc5 Qa5
9.e4 Ne7 10.Be3 O-O 11.Qb3 Qc7 12.Nh3 Nd7 13.Nf2 Nxc5 14.Qc4 b6 15.Bxc5 bxc5
16.Nd3 Bd7 17.Qxc5 Rac8 18.Qxc7 Rxc7 19.Kd2 Rfc8 20.Rc1 Nc6 21.Rb1 Na5 22.Ne5 f6
23.Nxd7 Rxd7+ 24.Kc2 Rdc7 25.c4 Nxc4 26.Bxc4 Rxc4+ 27.Kb3 Rc3+ 28.Ka4 Rc2
29.g3 h5 30.Rb7 R8c4+ 31.Kb5 a6+ 32.Ka5 R2c3 33.Ra1 Rxf3 34.a4 Rxe4 35.Kxa6 Re2
36.a5 Rxh2 37.Rb5 Rxg3 38.Kb6 Rg5 39.Rb3 Rd2 40.a6 Rd6+ 41.Kc7 Rgd5 42.a7 Rd7+
43.Kc6 R7d6+ 44.Kc7 Rd7+ 45.Kc6 R7d6+ 46.Kb7 Rd7+ 47.Kc6  1/2-1/2

[Event "FIDE World Rapid 2013"]
[Site "Khanty-Mansiysk RUS"]
[Date "2013.06.08"]
[Round "11.4"]
[White "Potkin,V"]
[Black "Mamedyarov,S"]
[Result "0-1"]
[WhiteElo "2647"]
[BlackElo "2753"]

1.d4 Nf6 2.Nf3 g6 3.c4 Bg7 4.Nc3 d5 5.cxd5 Nxd5 6.g3 Nxc3 7.bxc3 b6 8.Bg2 Bb7
9.O-O O-O 10.Re1 Be4 11.Bf4 c5 12.Rc1 Nd7 13.Qd2 Nf6 14.Bh6 Rc8 15.Bxg7 Kxg7
16.Ne5 Bxg2 17.Kxg2 Qd5+ 18.f3 Rfd8 19.Rcd1 cxd4 20.cxd4 Rc7 21.e4 Qb5 22.d5 e6
23.Qd4 exd5 24.Ng4 Rc2+ 25.Kh3 Qb2 26.Qxb2 Rxb2 27.Nxf6 Kxf6 28.exd5 Rxa2
29.d6 Rc2 30.Re7 Rxd6  0-1

[Event "FIDE World Rapid 2013"]
[Site "Khanty-Mansiysk RUS"]
[Date "2013.06.08"]
[Round "12.2"]
[White "Mamedyarov,S"]
[Black "Vitiugov,N"]
[Result "1-0"]
[WhiteElo "2753"]
[BlackElo "2734"]

1.d4 e6 2.c4 Bb4+ 3.Bd2 Bxd2+ 4.Qxd2 Nf6 5.Nc3 d5 6.Nf3 O-O 7.Qf4 Qe7 8.e3 a6
9.a3 Re8 10.Rc1 Nc6 11.Ne5 Bd7 12.cxd5 exd5 13.Nd3 Rad8 14.Be2 Bc8 15.O-O Rd6
16.Qh4 Qf8 17.Bf3 Ne7 18.Rfe1 Ng6 19.Qg3 c6 20.b4 Ne4 21.Bxe4 dxe4 22.Nc5 f5
23.Ne2 Qe7 24.a4 b6 25.Nb3 Be6 26.Nd2 Bd5 27.Nc4 Bxc4 28.Rxc4 Rf8 29.Rec1 Rff6
30.h4 Nf8 31.h5 Nd7 32.R4c2 Rh6 33.Qf4 Qf7 34.Ng3 Rhf6 35.Nxf5 Qxh5 36.Qxd6 Rxd6
37.Nxd6 Nf6 38.b5 axb5 39.axb5 Ng4 40.bxc6 Qh2+ 41.Kf1 Qh1+ 42.Ke2 Qxg2 43.Nxe4  1-0

[Event "FIDE World Rapid 2013"]
[Site "Khanty-Mansiysk RUS"]
[Date "2013.06.08"]
[Round "13.2"]
[White "Mamedyarov,S"]
[Black "Movsesian,S"]
[Result "1-0"]
[WhiteElo "2753"]
[BlackElo "2699"]

1.d4 d5 2.c4 c6 3.Nc3 Nf6 4.e3 a6 5.Qc2 g6 6.Nf3 Bg7 7.Bd3 O-O 8.O-O Bg4
9.Ne5 Be6 10.b3 c5 11.cxd5 Nxd5 12.Nxd5 Bxd5 13.Qxc5 Bxe5 14.dxe5 Bxg2 15.Rd1 Nd7
16.Qd4 Bf3 17.Rd2 Bc6 18.e6 fxe6 19.Bc4 Rf6 20.Bb2 Qf8 21.Qg4 Nc5 22.Bxf6 Qxf6
23.Rad1 Rf8 24.f4 Qc3 25.Qe2 Qf6 26.Rd8 Qf5 27.b4 Ne4 28.Rxf8+ Kxf8 29.Bd3 Bd5
30.Qg2 Kf7 31.a3 b5 32.h3 Ke8 33.Bc2 Qh5 34.Qg4 Qh6 35.Bxe4 Bxe4 36.Qxe6 Bf5
37.Qg8+  1-0

[Event "FIDE World Rapid 2013"]
[Site "Khanty-Mansiysk RUS"]
[Date "2013.06.08"]
[Round "14.2"]
[White "Guseinov,G"]
[Black "Mamedyarov,S"]
[Result "0-1"]
[WhiteElo "2631"]
[BlackElo "2753"]

1.e4 g6 2.d4 Bg7 3.Nc3 d6 4.Nf3 c6 5.a4 Bg4 6.Be3 Nd7 7.Be2 e6 8.O-O Ne7
9.Qd2 O-O 10.Rfe1 d5 11.h3 Bxf3 12.Bxf3 dxe4 13.Nxe4 Nf5 14.Bg5 Nf6 15.Nxf6+ Bxf6
16.Bxf6 Qxf6 17.c3 Rfd8 18.Qf4 Kg7 19.Re5 Nd6 20.Qxf6+ Kxf6 21.Be2 Rac8 22.Kf1 h5
23.a5 h4 24.Bf3 Rc7 25.Be2 Rcc8 26.Bf3 Rc7 27.Rc5 a6 28.Re1 Rcd7 29.Re2 Nf5
30.Ke1 Ng7 31.Rce5 Nf5 32.Kd2 g5 33.Kc1 Ne7 34.Be4 Rg8 35.f3 Nd5 36.Bxd5 Rxd5
37.b4 Rgd8 38.Kc2 R8d6 39.Kd3 Rd8 40.R5e4 c5 41.bxc5 Rxc5 42.Rb2 Rd7 43.Rxb7 Rxc3+
44.Kxc3 Rxb7 45.Re5 Rb1 46.Kc4 Rb2 47.Kc5 Kg6 48.Kc6 Kf6 49.Kc5 Rd2 50.Re3 Rxg2
51.Kb6 Rg3 52.Kxa6 Rxh3 53.Kb6 Rh1 54.a6 Rb1+ 55.Kc7 Ra1 56.Kb7 Kf5 57.a7 Kf4
58.Re1 Ra4 59.a8=Q Rxa8 60.Kxa8 h3 61.Kb7 Kxf3 62.Rf1+ Kg2 63.Rxf7 h2  0-1

[Event "FIDE World Rapid 2013"]
[Site "Khanty-Mansiysk RUS"]
[Date "2013.06.08"]
[Round "15.1"]
[White "Mamedyarov,S"]
[Black "Inarkiev,E"]
[Result "1-0"]
[WhiteElo "2753"]
[BlackElo "2680"]

1.d4 d5 2.c4 e6 3.Nc3 a6 4.cxd5 exd5 5.Bf4 Nf6 6.e3 Bd6 7.Qf3 c5 8.dxc5 Bxc5
9.Bg5 Nbd7 10.O-O-O Qa5 11.Nge2 O-O 12.Nd4 Bb4 13.Nb3 Qc7 14.Qf4 Qxf4 15.Bxf4 Bxc3
16.bxc3 Ne4 17.Rxd5 Nxf2 18.Rg1 Nf6 19.Rd4 Bd7 20.Be2 Rac8 21.Kb2 Rfe8 22.h3 h6
23.Rf1 N2e4 24.c4 Ng5 25.Bxg5 hxg5 26.Rxf6 gxf6 27.Rxd7 Rxe3 28.Bh5 b5 29.c5 a5
30.Bxf7+ Kf8 31.Bg6 a4 32.Nd4 Rxc5 33.Rd8+ Kg7 34.Nf5+ Kxg6 35.Nxe3 b4 36.Rd3 Re5
37.g4 Re4 38.Nc2 Re2 39.Kc1 f5 40.Rd6+ Kf7 41.gxf5 b3 42.axb3 axb3 43.Nd4 Re3
44.Nc6 Kf8 45.f6 Kf7 46.Nd8+ Kf8 47.f7 Rf3 48.Re6  1-0

[Event "FIDE World Blitz 2013"]
[Site "Khanty-Mansiysk RUS"]
[Date "2013.06.09"]
[Round "1.4"]
[White "Mamedyarov,S"]
[Black "Khairullin,I"]
[Result "0-1"]
[WhiteElo "2753"]
[BlackElo "2658"]

1.d4 d5 2.c4 c6 3.Nc3 dxc4 4.e3 b5 5.a4 b4 6.Ne4 Qd5 7.Ng3 Nf6 8.Be2 Ba6
9.Nf3 e6 10.O-O Be7 11.Bd2 O-O 12.Ne5 Nfd7 13.f4 Nxe5 14.fxe5 Nd7 15.Rf4 Rad8
16.Bf3 Qa5 17.Rc1 c5 18.Be4 g6 19.h4 cxd4 20.exd4 Qb6 21.Be3 Nxe5 22.Nh5 Nd3
23.Nf6+ Bxf6 24.Rxf6 Nxc1 25.Qxc1 Rxd4 26.Kh1 Qd6 27.Bxd4 Qxd4 28.Qf4 c3
29.bxc3 bxc3 30.h5 c2 31.Bxc2 Qxf4 32.Rxf4 Rc8 33.Bb3 Kg7 34.hxg6 hxg6 35.Rd4 Rc7
36.Kg1 Bb7 37.Bd1 Bd5 38.Be2 Rc2 39.Bf1 Ra2 40.g3 Kf6 41.Rf4+ Ke7 42.Rb4 a5
43.Rh4 Bc6 44.Bb5 Bxb5  0-1

[Event "FIDE World Blitz 2013"]
[Site "Khanty-Mansiysk RUS"]
[Date "2013.06.09"]
[Round "2.4"]
[White "Khairullin,I"]
[Black "Mamedyarov,S"]
[Result "1-0"]
[WhiteElo "2658"]
[BlackElo "2753"]

1.d4 Nf6 2.c4 e5 3.dxe5 Ng4 4.Bf4 g5 5.Bg3 Bg7 6.h4 Nxe5 7.Nc3 d6 8.hxg5 Nbc6
9.e3 Be6 10.Nd5 Na5 11.b3 Nd7 12.Rc1 c6 13.Nf4 Qxg5 14.Nxe6 fxe6 15.Rh5 Qd8
16.Qxd6 Kf7 17.Nf3 h6 18.b4 b5 19.bxa5 Rc8 20.Be2 Qxa5+ 21.Qd2 Qxd2+ 22.Nxd2 b4
23.Ne4 Bf8 24.Ra5  1-0

[Event "FIDE World Blitz 2013"]
[Site "Khanty-Mansiysk RUS"]
[Date "2013.06.09"]
[Round "3.25"]
[White "Cherniaev,A1"]
[Black "Mamedyarov,S"]
[Result "0-1"]
[WhiteElo "2447"]
[BlackElo "2753"]

1.e4 e5 2.Nf3 Nc6 3.Bc4 g6 4.O-O Bg7 5.c3 d6 6.Bb3 Nf6 7.Re1 O-O 8.d3 Nh5
9.Nbd2 Kh8 10.Nf1 f5 11.exf5 Bxf5 12.Ne3 Bd7 13.d4 exd4 14.cxd4 Nf4 15.d5 Ne5
16.Nxe5 Bxe5 17.Nc4 Bg7 18.Re4 Nh5 19.Bd2 b5 20.Na5 Qf6 21.Qe1 Qxb2 22.Rc1 Rae8
23.Re6 c5 24.dxc6 Bxe6  0-1

[Event "FIDE World Blitz 2013"]
[Site "Khanty-Mansiysk RUS"]
[Date "2013.06.09"]
[Round "4.25"]
[White "Mamedyarov,S"]
[Black "Cherniaev,A1"]
[Result "1-0"]
[WhiteElo "2753"]
[BlackElo "2447"]

1.d4 Nf6 2.c4 d6 3.g3 g6 4.Bg2 Bg7 5.Nf3 O-O 6.O-O Nc6 7.Nc3 Rb8 8.e4 Bg4
9.Be3 a6 10.Rc1 Nd7 11.Ne2 e6 12.h3 Bxf3 13.Bxf3 Ne7 14.Bg2 c5 15.Qd2 Qc7
16.Rfd1 Rbd8 17.b4 b6 18.a3 e5 19.d5 f5 20.Rb1 Kh8 21.f3 Ng8 22.Rb3 Rf7 23.Rdb1 Rdf8
24.g4 Qd8 25.bxc5 dxc5 26.a4 a5 27.d6 Qh4 28.Bg5 Bh6 29.Bxh4 Bxd2 30.Rd3 Bb4
31.Ng3 f4 32.Ne2 h6 33.Nc3 Bxc3 34.Rxc3 g5 35.Bf2 Ngf6 36.Rcb3 Rb8 37.Rb5 Rff8
38.h4 Rfc8 39.Kf1 Ne8 40.R5b3 Rc6 41.Rd3 Kg7 42.Ke2 Rd8 43.Rbd1 Kg8 44.Be1 Kg7
45.Bc3 Kg6 46.Rd5 Nef6 47.Rxe5 Nxe5 48.Bxe5 Ne8 49.hxg5 hxg5 50.Rd5 Rcxd6
51.Bxd6 Rxd6 52.Kd3 Re6 53.e5 Nc7 54.Ke4 Ne8 55.Kd3  1-0

[Event "FIDE World Blitz 2013"]
[Site "Khanty-Mansiysk RUS"]
[Date "2013.06.09"]
[Round "5.15"]
[White "Mamedyarov,S"]
[Black "Najer,E"]
[Result "1-0"]
[WhiteElo "2753"]
[BlackElo "2633"]

1.d4 d5 2.c4 dxc4 3.e4 Nc6 4.Nf3 Bg4 5.d5 Ne5 6.Bf4 Ng6 7.Bg3 Nf6 8.Nc3 e5
9.Bxc4 Bd6 10.Qa4+ Nd7 11.Nd2 O-O 12.Qc2 Nb6 13.Be2 Bxe2 14.Nxe2 c6 15.dxc6 Rc8
16.h4 Rxc6 17.Qb3 Bb8 18.Nf3 Nf4 19.Bxf4 exf4 20.O-O h6 21.e5 Qd7 22.Rad1 Qg4
23.Rd4 g5 24.Rfd1 Bc7 25.Nc3 Kg7 26.Ne4 Rg6 27.hxg5 hxg5 28.e6 Rh8 29.Qc3 f6
30.Qxc7+  1-0

[Event "FIDE World Blitz 2013"]
[Site "Khanty-Mansiysk RUS"]
[Date "2013.06.09"]
[Round "6.15"]
[White "Najer,E"]
[Black "Mamedyarov,S"]
[Result "1-0"]
[WhiteElo "2633"]
[BlackElo "2753"]

1.e4 e5 2.Nf3 Nc6 3.Nc3 g6 4.d4 exd4 5.Nxd4 Bg7 6.Be3 d6 7.Qd2 Nf6 8.f3 O-O
9.O-O-O Be6 10.g4 Nxd4 11.Bxd4 c5 12.Be3 Qa5 13.Bh6 Rfd8 14.Bxg7 Kxg7 15.h4 Bxa2
16.Nxa2 Qxa2 17.Qc3 d5 18.g5 Qa1+ 19.Kd2 dxe4+ 20.Bd3 Qa4 21.b3 Qe8 22.Qxf6+ Kg8
23.Rhe1 Qd7 24.Rxe4 b5 25.h5 gxh5 26.Re7 Qd5 27.Kc1 Kf8 28.Be2  1-0

[Event "FIDE World Blitz 2013"]
[Site "Khanty-Mansiysk RUS"]
[Date "2013.06.09"]
[Round "7.17"]
[White "Kobalia,M"]
[Black "Mamedyarov,S"]
[Result "1-0"]
[WhiteElo "2651"]
[BlackElo "2753"]

1.e4 e5 2.Nf3 Nc6 3.Nc3 g6 4.d4 exd4 5.Nxd4 Bg7 6.Be3 Nge7 7.Qd2 O-O 8.O-O-O d6
9.h4 h5 10.f3 Ne5 11.Bh6 b5 12.Bxg7 Kxg7 13.Bxb5 Rb8 14.g4 hxg4 15.h5 Rh8
16.f4 Nf3 17.Nxf3 gxf3 18.Qd4+ f6 19.h6+ Kf7 20.Bc4+ Be6 21.f5 Bxc4 22.Qxc4+ Ke8
23.fxg6 Nxg6 24.Rdg1 Ne7 25.h7 Kd7 26.Rg7 c6 27.Rhg1 Re8 28.Na4 Qa5 29.Rd1 Rb5
30.Qf7 Rh5 31.Qxf6 Qe5 32.Qxf3 Rh4 33.Qf5+ Qxf5 34.exf5 Rxa4 35.f6 Rh4 36.Re1  1-0

[Event "FIDE World Blitz 2013"]
[Site "Khanty-Mansiysk RUS"]
[Date "2013.06.09"]
[Round "8.17"]
[White "Mamedyarov,S"]
[Black "Kobalia,M"]
[Result "1-0"]
[WhiteElo "2753"]
[BlackElo "2651"]

1.d4 d5 2.c4 c6 3.Nc3 Nf6 4.e3 a6 5.Qc2 g6 6.Nf3 Bg7 7.Bd3 O-O 8.O-O Bg4
9.Ne5 Be6 10.b3 c5 11.cxd5 Nxd5 12.Nxd5 Bxd5 13.Qxc5 Bxe5 14.dxe5 Bxg2 15.Rd1 Nd7
16.Qd4 Bh3 17.Bb2 Be6 18.f4 Qb6 19.Be4 Qb5 20.Bd3 Qa5 21.Bc3 Qb6 22.Be4 Qb5
23.a4 Qe2 24.Rd2 Qh5 25.Bxb7 Rad8 26.Bg2 Rc8 27.Bb4 Rfe8 28.e4 a5 29.Ba3 Rcd8
30.Rf1 Bxb3 31.f5 e6 32.f6 h6 33.Be7 Nxe5 34.Bxd8 Nc6 35.Qb6 Bxa4 36.Bc7 e5
37.Ra1 Qg5 38.Rf2  1-0

[Event "FIDE World Blitz 2013"]
[Site "Khanty-Mansiysk RUS"]
[Date "2013.06.09"]
[Round "9.15"]
[White "Mamedyarov,S"]
[Black "Salem,AR"]
[Result "1-0"]
[WhiteElo "2753"]
[BlackElo "2531"]

1.d4 Nf6 2.c4 g6 3.Nc3 d5 4.cxd5 Nxd5 5.e4 Nxc3 6.bxc3 Bg7 7.Nf3 c5 8.Rb1 O-O
9.Be2 b6 10.O-O Bb7 11.d5 Bxc3 12.Bf4 Bg7 13.Qd2 Nd7 14.Rfe1 Nf6 15.Bc4 Qc8
16.e5 Nh5 17.Bg5 e6 18.d6 Bc6 19.Nh4 Bd5 20.Bxd5 exd5 21.Qxd5 Qe6 22.Qxe6 fxe6
23.Re4 h6 24.Be7 g5 25.Bxf8 Kxf8 26.Ng6+ Kf7 27.Ne7 Nf4 28.Rd1 Ng6 29.Nc6  1-0

[Event "FIDE World Blitz 2013"]
[Site "Khanty-Mansiysk RUS"]
[Date "2013.06.09"]
[Round "10.15"]
[White "Salem,AR"]
[Black "Mamedyarov,S"]
[Result "0-1"]
[WhiteElo "2531"]
[BlackElo "2753"]

1.d4 d5 2.c4 c5 3.e3 Nf6 4.a3 cxd4 5.exd4 Nc6 6.Be3 g6 7.Nc3 Bg7 8.h3 O-O
9.Nf3 Be6 10.c5 Ne4 11.Rc1 Nxc5 12.dxc5 d4 13.Nxd4 Nxd4 14.Bd3 Nb3 15.Rc2 Rc8
16.Ne4 Qd5 17.Ng5 Rfd8 18.Nxe6 fxe6 19.Ke2 Qxg2 20.Qg1 Qd5 21.Bc4 Nd4+ 22.Bxd4 Qe4+
23.Kf1 Qxc2 24.Bxe6+ Kh8 25.Bxg7+ Kxg7 26.Qg5 Qxc5 27.Qxc5 Rxc5 28.Kg2 Rg5+
29.Kh2 Rd2  0-1

[Event "FIDE World Blitz 2013"]
[Site "Khanty-Mansiysk RUS"]
[Date "2013.06.09"]
[Round "11.10"]
[White "Andreikin,D"]
[Black "Mamedyarov,S"]
[Result "0-1"]
[WhiteElo "2713"]
[BlackElo "2753"]

1.e4 e5 2.Nf3 Nc6 3.Nc3 Nf6 4.d4 Bb4 5.d5 Ne7 6.Bd3 d6 7.O-O O-O 8.Na4 c6
9.dxc6 bxc6 10.a3 Ba5 11.b4 Bc7 12.c4 d5 13.Nc3 dxe4 14.Nxe4 Nxe4 15.Bxe4 f5
16.Bc2 e4 17.Nd4 Be5 18.Bb2 Qd6 19.g3 Rd8 20.c5 Qf6 21.Qd2 f4 22.Rad1 Bg4
23.Bxe4 Bxd1 24.Rxd1 Rd7 25.gxf4 Bxf4 26.Qe2 Be5 27.f4  0-1

[Event "FIDE World Blitz 2013"]
[Site "Khanty-Mansiysk RUS"]
[Date "2013.06.09"]
[Round "12.10"]
[White "Mamedyarov,S"]
[Black "Andreikin,D"]
[Result "0-1"]
[WhiteElo "2753"]
[BlackElo "2713"]

1.d4 Nf6 2.c4 e6 3.Nc3 d5 4.Bf4 dxc4 5.e3 b5 6.Nxb5 Bb4+ 7.Nc3 Nd5 8.Rc1 Bb7
9.Nf3 Nxf4 10.exf4 O-O 11.Bxc4 Qf6 12.g3 Rd8 13.O-O c5 14.d5 Bxc3 15.Rxc3 exd5
16.Rd3 Nc6 17.Rxd5 Na5 18.b3 Nxc4 19.bxc4 Bxd5 20.cxd5 c4 21.Ne5 Qd6 22.Nxc4 Qxd5
23.Qxd5 Rxd5 24.Rb1 Rc8 25.Rb7 f6 26.Ne3 Ra5 27.g4 g6 28.f5 Rd8 29.g5 gxf5
30.gxf6 Rf8 31.Rg7+ Kh8 32.Rc7 Rxf6 33.Rc2 f4 34.Nd1 Rd5 35.Nb2 f3 36.Rc3 Rb6  0-1

[Event "FIDE World Blitz 2013"]
[Site "Khanty-Mansiysk RUS"]
[Date "2013.06.09"]
[Round "13.7"]
[White "Mamedyarov,S"]
[Black "Safarli,E"]
[Result "1-0"]
[WhiteElo "2753"]
[BlackElo "2660"]

1.d4 d5 2.c4 c6 3.Nc3 Nf6 4.Nf3 g6 5.Bg5 Bg7 6.e3 O-O 7.Qb3 dxc4 8.Bxc4 Nbd7
9.O-O Nb6 10.Be2 Be6 11.Qc2 h6 12.Bh4 Bf5 13.e4 Bg4 14.Rad1 Nh5 15.h3 Be6
16.Rfe1 g5 17.Bxg5 hxg5 18.Nxg5 Nf4 19.e5 f5 20.exf6 Rxf6 21.Nce4 Rh6 22.Nxe6 Rxe6
23.Bg4 Rh6 24.g3 Nfd5 25.Ng5 Nc7 26.Re4 e6 27.Bxe6+ Nxe6 28.Nxe6 Rxe6 29.Rxe6 Nd5
30.Qg6 Qd7 31.Rde1 Rf8 32.Re8 Qf7 33.Rxf8+ Kxf8 34.Qg4 Kg8 35.h4 Nf6 36.Qc8+ Kh7
37.Qf5+ Qg6 38.Qxg6+ Kxg6 39.Re7 Nd5 40.Rxb7 Bxd4 41.Kg2 a5 42.g4 Nf4+ 43.Kf3 Nd3
44.b3 c5 45.Rb6+ Kh7 46.Ke4  1-0

[Event "FIDE World Blitz 2013"]
[Site "Khanty-Mansiysk RUS"]
[Date "2013.06.09"]
[Round "14.7"]
[White "Safarli,E"]
[Black "Mamedyarov,S"]
[Result "0-1"]
[WhiteElo "2660"]
[BlackElo "2753"]

1.e4 Nf6 2.Nc3 e5 3.Bc4 Nxe4 4.Nxe4 d5 5.Bd3 dxe4 6.Bxe4 f5 7.Bf3 e4 8.Be2 Nc6
9.d3 Bd6 10.Nh3 O-O 11.dxe4 fxe4 12.Be3 Bxh3 13.gxh3 Kh8 14.c3 Qh4 15.Qb3 Bf4
16.O-O-O Qxf2 17.Bxf4 Qxf4+ 18.Kb1 b6 19.Qd5 Ne5 20.Rhf1 Nf3 21.Bxf3 exf3
22.Rd3 f2 23.Rd2 Rae8 24.Rdxf2 Qxf2 25.Rxf2 Rxf2 26.a4 Ref8 27.Qb7 Rxh2 28.Ka2 Rxh3
29.Qxa7 Rh6 30.Qxc7 Rhf6 31.Kb3 g5 32.Kb4 g4 33.Kb5 Rg6 34.Qe5+ Rg7 35.Qg3 Rf6
36.b4 Rg5+ 37.Kc4 h6 38.Qb8+ Kg7 39.Qc7+ Kg6 40.Qg3 Rf3 41.Qd6+ Rf6 42.Qg3 h5
43.Qd3+ Kg7 44.Qg3 Kg6 45.Kb3 h4 46.Qxh4 g3 47.Qe4+ Kh5 48.Qh1+ Kg4 49.c4 Rf3+
50.Kc2 Rf2+ 51.Kb3 g2 52.Qg1 Kg3 53.c5 Rf1 54.Qe3+ Rf3  0-1

[Event "FIDE World Blitz 2013"]
[Site "Khanty-Mansiysk RUS"]
[Date "2013.06.09"]
[Round "15.3"]
[White "Grischuk,A"]
[Black "Mamedyarov,S"]
[Result "1/2-1/2"]
[WhiteElo "2779"]
[BlackElo "2753"]

1.Nf3 Nf6 2.g3 g6 3.Bg2 Bg7 4.c4 O-O 5.Nc3 d6 6.O-O e5 7.d4 Nbd7 8.e4 a6
9.Be3 exd4 10.Nxd4 Re8 11.h3 Rb8 12.b3 c5 13.Nde2 b5 14.Qxd6 b4 15.Na4 Nxe4
16.Bxe4 Rxe4 17.Rad1 Qe8 18.Nxc5 Rxe3 19.Nxd7 Rxe2 20.Nxb8 Bxh3 21.Qd8 Bxf1
22.Kxf1 Re1+ 23.Kg2 Bf8 24.Qxe8 Rxe8 25.Nxa6 Ra8 26.Nc7 Rxa2 27.Rd8 Rb2 28.Rd3 Bc5
29.Rf3 Ra2 30.Ne8 f5 31.Nf6+ Kg7 32.Nd7 Bd4 33.c5 Rc2 34.Rf4 Bxc5 35.Nxc5 Rxc5  1/2-1/2

[Event "FIDE World Blitz 2013"]
[Site "Khanty-Mansiysk RUS"]
[Date "2013.06.09"]
[Round "16.3"]
[White "Mamedyarov,S"]
[Black "Grischuk,A"]
[Result "1-0"]
[WhiteElo "2753"]
[BlackElo "2779"]

1.d4 Nf6 2.c4 g6 3.Nc3 Bg7 4.Nf3 O-O 5.Bg5 h6 6.Bh4 c5 7.d5 e6 8.e4 exd5
9.e5 Qe8 10.Be2 Ng4 11.Nxd5 Na6 12.Nf6+ Bxf6 13.exf6 Qe6 14.O-O Nxf6 15.Re1 Nh5
16.Qd2 Kh7 17.Bg5 Rg8 18.Bd3 Qd6 19.Bxh6 Kh8 20.Ng5 Qf6 21.Re3 d5 22.Rf3 Bf5
23.g4 dxc4 24.Bxf5 gxf5 25.Rxf5 Qd4 26.Nxf7+ Kh7 27.Ng5+ Rxg5 28.Qxg5 Rg8
29.Rf7+ Kh8 30.Qxh5 Rxg4+ 31.Kh1 Qe4+ 32.f3  1-0